PLANTS resources of South-East Asia no. 13 : spices

Bibliographic Details
Other Authors: de Guzman, Siemonsma
Format: Book
Published: Bogor, Indonesia : PROSEA , 1999
Subjects:

MARC

LEADER 00000cam a2200000 7i4500
001 0000001816
005 20030401.0
020 0 0 |a 9798316347 
090 0 0 |a R580   |b PLA 1999 
245 0 0 |a PLANTS resources of South-East Asia no. 13 :   |b spices   |c C. C. de Guzman and J. S. Siemonsma (editors) 
260 0 0 |a Bogor, Indonesia :   |b PROSEA ,   |c 1999 
300 |a 400 p. :   |b ill. ;   |c 26 cm. 
500 0 0 |a Includes bibliography : p. 321-351 and index 
650 0 0 |a Spice plants 
650 0 0 |a Spices 
700 0 1 |a de Guzman   |h C. C. 
700 0 1 |a Siemonsma   |h J. S. 
998 |a JPSM 
999 |a 0000002853   |b Monograph   |c Reference   |e Default branch